000 00639nam a2200217Ii 4500
003 JO-AjNU
008 230606s9999||||xx |||||||||||||| ||und||
020 _a978-0-367-77324-3
040 _aJO-AjNU
_beng
_erda
_cJO-AjNU
041 _aeng
050 1 4 _aQA76.9.B56.K35.2022
100 3 _aKalfoglou, Yannis,
_eauthor
_96883
245 0 0 _aBlockchain For Business: A Practical Guied for the Next Frontier
250 _a1ed
264 3 1 _aNew York: Routledge, 2022
300 _a183p
336 _atext
_btxt
_2rdacontent
337 _aunmediated
_bn
_2rdamedia
338 _avolume
_bnc
_2rdacarrier
650 4 _aBlockchain Applied
_96884
999 _aE3610
_c3566
_d3566